Faculty of Law Library — Cairo University

Official Online Catalog

Traité Pratique Des Régimes Matrimoniaux . (Record no. 61504)

MARC details
000 -LEADER
fixed length control field 01011nam a2200325 i 4500
003 - CONTROL NUMBER IDENTIFIER
control field EG-GICUC
005 - DATE AND TIME OF LATEST TRANSACTION
control field 20260208101027.0
008 - FIXED-LENGTH DATA ELEMENTS--GENERAL INFORMATION
fixed length control field 260208s1985 be ||||fr ||| 00| 0 fre d
017 ## - COPYRIGHT OR LEGAL DEPOSIT NUMBER
Copyright or legal deposit number 1985/0023/9
020 ## - INTERNATIONAL STANDARD BOOK NUMBER
International Standard Book Number 2802703331
040 ## - CATALOGING SOURCE
Original cataloging agency EG-GICUC
Transcribing agency EG-GICUC
Modifying agency EG-GICUC
Description conventions rda
Language of cataloging ara
041 0# - LANGUAGE CODE
Language code of text/sound track or separate title fre
082 04 - DEWEY DECIMAL CLASSIFICATION NUMBER
Edition number 21
Classification number 341.81
Item number VE . T
092 04 - LOCALLY ASSIGNED DEWEY CALL NUMBER (OCLC)
Edition number 21
099 ## - LOCAL FREE-TEXT CALL NUMBER (OCLC)
Classification number Law1 12 341.81 VE . T 1985
100 1# - MAIN ENTRY--PERSONAL NAME
Personal name Verwilghen,Michel
Relator term Auteur
245 ## - TITLE STATEMENT
Title Traité Pratique Des Régimes Matrimoniaux .
Number of part/section of a work Tome II .
Name of part/section of a work Droit International /
Statement of responsibility, etc. Michel Verwilghen .
264 #0 - PRODUCTION, PUBLICATION, DISTRIBUTION, MANUFACTURE, AND COPYRIGHT NOTICE
Place of production, publication, distribution, manufacture Bruxelles :
Name of producer, publisher, distributor, manufacturer Bruylant ,
Date of production, publication, distribution, manufacture, or copyright notice 1985 .
300 ## - PHYSICAL DESCRIPTION
Extent 130 Pages;
Dimensions 30 cm.
336 ## - CONTENT TYPE
Content type term text
Source rda content
337 ## - MEDIA TYPE
Media type term Computer
Source rda media
338 ## - CARRIER TYPE
Carrier type term Online Resource
Source rda carrier
546 ## - LANGUAGE NOTE
Language note Texte en français
650 04 - SUBJECT ADDED ENTRY--TOPICAL TERM
Topical term or geographic name entry element Droit International Privé
650 04 - SUBJECT ADDED ENTRY--TOPICAL TERM
Topical term or geographic name entry element Nationalité
700 1# - ADDED ENTRY--PERSONAL NAME
Personal name Eynde,Pierre Van Den
Relator term Auteur
856 ## - ELECTRONIC LOCATION AND ACCESS
Uniform Resource Identifier <a href="https://fll.law.cu.edu.eg/fulltext/th/B12-02299.pdf">https://fll.law.cu.edu.eg/fulltext/th/B12-02299.pdf</a>
905 ## - Cataloger and Reviser Names
Cataloger Name: Logain Ashraf
942 ## - ADDED ENTRY ELEMENTS (KOHA)
Source of classification or shelving scheme Dewey Decimal Classification
Koha item type Books
Edition 21
Suppress in OPAC No
Holdings
Withdrawn status Lost status Source of classification or shelving scheme Materials specified (bound volume or other part) Damaged status Not for loan Collection Home library Current library Date acquired Total checkouts Full call number Barcode Date last seen Copy number Price effective from Koha item type
    Dewey Decimal Classification V2   Not for loan القانون الدولي الخاص جــــامعة القــاهرة مكتبة كلية الحقوق - المبنى الرئيسي 08.02.2026   Law1 12 341.81 VE . T 1985 1202299 C1 B12-02299 08.02.2026 1 08.02.2026 Books

© All rights reserved — Faculty of Law, Cairo University